Praying with Paul, (Record no. 5205)

MARC details
000 -LEADER
fixed length control field 00662cam a22002531 4500
001 - CONTROL NUMBER
control field 8938969
003 - CONTROL NUMBER IDENTIFIER
control field GBCCL
005 - DATE AND TIME OF LATEST TRANSACTION
control field 20241126110535.0
008 - FIXED-LENGTH DATA ELEMENTS--GENERAL INFORMATION
fixed length control field 770120s1966 miu 000 0 eng
010 ## -
-- 66018316
020 ## - INTERNATIONAL STANDARD BOOK NUMBER
International Standard Book Number 0801006511
035 ## - SYSTEM CONTROL NUMBER
System control number (OCoLC)2690884
040 ## - CATALOGING SOURCE
Original cataloging agency DLC
Transcribing agency TxDaB
Modifying agency DLC
042 ## -
-- premarc
050 00 -
-- BV210.2
-- .B7
082 ## - DEWEY DECIMAL CLASSIFICATION NUMBER
Classification number 227
Item number BRA
100 1# - MAIN ENTRY--PERSONAL NAME
Personal name Brandt, R. L.
9 (RLIN) 9371
245 10 - TITLE STATEMENT
Title Praying with Paul,
Statement of responsibility, etc. by R. L. Brandt.
260 ## - PUBLICATION, DISTRIBUTION, ETC.
Place of publication, distribution, etc. Grand Rapids,
Name of publisher, distributor, etc. Baker Book House
Date of publication, distribution, etc. 1980, [1966]
300 ## - PHYSICAL DESCRIPTION
Extent 106 p.
Dimensions 20 cm.
650 #0 - SUBJECT ADDED ENTRY--TOPICAL TERM
Topical term or geographic name entry element Prayer.
9 (RLIN) 332
906 ## - LOCAL DATA ELEMENT F, LDF (RLIN)
a 7
b cbc
c oclcrpl
d u
e ncip
f 19
g y-gencatlg
942 ## - ADDED ENTRY ELEMENTS (KOHA)
Source of classification or shelving scheme Dewey Decimal Classification
Koha item type Books
Holdings
Withdrawn status Lost status Source of classification or shelving scheme Damaged status Not for loan Home library Current Library Shelving location Date acquired Total checkouts Full call number Barcode Date last seen Copy number Price effective from Koha item type
    Dewey Decimal Classification     GRACE BIBLE COLLEGE GRACE BIBLE COLLEGE Biblical Studies 2018-03-05   227 BRA 008312 2025-05-01 c.1 2018-03-05 Books
© Grace Bible College Library 2025